6-Letter Word Chain Game #5 - Statistics

General Stats
  • This quiz has been taken 109 times
  • The average score is 8 of 24
Answer Stats
Hint Answer % Correct
Comic book brand Marvel
72%
Colorado capital Denver
67%
In grammar, modifies a verb Adverb
62%
Saudi capital Riyadh
57%
Borealis or Australis Aurora
55%
e.g. Jack, the Yorkshire Ripper
47%
City in New York state Albany
46%
Keyboard brand Yamaha
43%
Type of skiing Alpine
40%
Scottish saint Andrew
36%
Average, or seer Medium
36%
Area outside the fairway Rough
34%
African nation Angola
31%
Mischievous mythical creature Goblin
25%
Pablo ______, Chilean poet Neruda
25%
Home of 1920's cultural "Renaissance" Harlem
24%
Jupiter ice moon Europa
23%
Elon Musk's mining company Boring
22%
e.g. Hardrada, Pinter, Shipman Harold
22%
(British slang) A madman Nutter
22%
Brain system responsible for emotion Limbic
14%
______ duck, Chinese specialty Crispy
7%
Term for female human with uterus Womban
7%
West African ethnic group Yoruba
7%
No matching quizzes found
Score Distribution
Percent of People with Each Score
Percentile by Number Answered
Your Score History
You have not taken this quiz